Loading...

Veetu maarunnavar (വീട് മാറുന്നവർ)/

Bibliographic Details
Main Author: Sobha, V (ശോഭ, വി)
Format: Printed Book
Published: Thrissur: Green Books, 2014.
Subjects:
LEADER 00662 a2200157 4500
999 |c 157151  |d 157147 
020 |a 8184233671 
082 |a M A8 009  |b Q4;1 
100 |a Sobha, V (ശോഭ, വി)  |9 81627 
245 |a Veetu maarunnavar (വീട് മാറുന്നവർ)/  |c Dr. V Sobha (ഡോ: വി ശോഭ) 
260 |b Green Books,  |a Thrissur:  |c 2014. 
300 |a 230 p. 
650 |a Gulf life- study  |9 81628 
650 |a പ്രവാസ സാഹിത്യം  |9 74040 
942 |c BK 
952 |0 0  |1 0  |4 0  |6 M_A8009_Q41  |7 0  |8 MAL  |9 155614  |a MGUL  |b MGUL  |c GEN  |d 2018-11-08  |e Calicut Book Distributors  |g 200.00  |l 1  |o M A8009 Q4;1  |p 58751  |r 2020-06-17  |s 2019-12-18  |w 2018-04-09  |y BK